<?xml version="1.0" encoding="UTF-8"?>
<record
    xmlns:xsi="http://www.w3.org/2001/XMLSchema-instance"
    xsi:schemaLocation="http://www.loc.gov/MARC21/slim http://www.loc.gov/standards/marcxml/schema/MARC21slim.xsd"
    xmlns="http://www.loc.gov/MARC21/slim">

  <leader>00780nam a2200205Ia 4500</leader>
  <controlfield tag="008">151119s9999||||xx |||||||||||||| ||und||</controlfield>
  <datafield tag="082" ind1=" " ind2=" ">
    <subfield code="a">920.72&#x905;&#x928;&#x94D;&#x928;&#x92A;&#x942;/&#x907;&#x902;&#x926;&#x94D;&#x930;&#x93E;&#x928;&#x942;</subfield>
  </datafield>
  <datafield tag="082" ind1=" " ind2=" ">
    <subfield code="b">GKKV34083</subfield>
  </datafield>
  <datafield tag="100" ind1=" " ind2=" ">
    <subfield code="a">&#x905;&#x928;&#x94D;&#x928;&#x92A;&#x942;&#x930;&#x94D;&#x923;&#x93E;</subfield>
  </datafield>
  <datafield tag="245" ind1=" " ind2=" ">
    <subfield code="a">&#x907;&#x902;&#x926;&#x94D;&#x930;&#x93E; &#x928;&#x942;&#x92F;&#x940; &#x905;&#x928;&#x941;:- &#x92A;&#x94D;&#x930;&#x938;&#x93E;&#x926; &#x922;&#x93E;&#x92A;&#x930;&#x947;</subfield>
  </datafield>
  <datafield tag="260" ind1=" " ind2=" ">
    <subfield code="a">&#x92A;&#x941;&#x923;&#x947;</subfield>
  </datafield>
  <datafield tag="260" ind1=" " ind2=" ">
    <subfield code="b">&#x92E;&#x93F;&#x930;&#x930; &#x92A;&#x92C;&#x94D;&#x932;&#x93F;&#x936;&#x93F;&#x902;&#x917;</subfield>
  </datafield>
  <datafield tag="260" ind1=" " ind2=" ">
    <subfield code="c">2014</subfield>
  </datafield>
  <datafield tag="300" ind1=" " ind2=" ">
    <subfield code="a">139p.</subfield>
  </datafield>
  <datafield tag="600" ind1=" " ind2=" ">
    <subfield code="a">&#x905;&#x928;&#x94D;&#x928;&#x92A;&#x942;&#x930;&#x94D;&#x923;&#x93E;</subfield>
  </datafield>
  <datafield tag="630" ind1=" " ind2=" ">
    <subfield code="a">&#x907;&#x902;&#x926;&#x94D;&#x930;&#x93E; &#x928;&#x942;&#x92F;&#x940; &#x905;&#x928;&#x941;:- &#x92A;&#x94D;&#x930;&#x938;&#x93E;&#x926; &#x922;&#x93E;&#x92A;&#x930;&#x947;</subfield>
  </datafield>
  <datafield tag="700" ind1=" " ind2=" ">
    <subfield code="a">&#x905;&#x928;&#x94D;&#x928;&#x92A;&#x942;&#x930;&#x94D;&#x923;&#x93E;</subfield>
  </datafield>
  <datafield tag="730" ind1=" " ind2=" ">
    <subfield code="a">&#x907;&#x902;&#x926;&#x94D;&#x930;&#x93E; &#x928;&#x942;&#x92F;&#x940; &#x905;&#x928;&#x941;:- &#x92A;&#x94D;&#x930;&#x938;&#x93E;&#x926; &#x922;&#x93E;&#x92A;&#x930;&#x947;</subfield>
  </datafield>
  <datafield tag="942" ind1=" " ind2=" ">
    <subfield code="c">BOOK</subfield>
  </datafield>
  <datafield tag="999" ind1=" " ind2=" ">
    <subfield code="c">1086376</subfield>
    <subfield code="d">1086373</subfield>
  </datafield>
  <datafield tag="952" ind1=" " ind2=" ">
    <subfield code="0">0</subfield>
    <subfield code="1">0</subfield>
    <subfield code="4">0</subfield>
    <subfield code="7">0</subfield>
    <subfield code="a">GKKV</subfield>
    <subfield code="b">GKKV</subfield>
    <subfield code="d">2014-12-06</subfield>
    <subfield code="g">125.00</subfield>
    <subfield code="l">0</subfield>
    <subfield code="o">GKKV34083</subfield>
    <subfield code="p">GKKV34083</subfield>
    <subfield code="r">2015-11-19 00:00:00</subfield>
    <subfield code="v">125.00</subfield>
    <subfield code="w">2015-11-19</subfield>
    <subfield code="y">BOOK</subfield>
  </datafield>
</record>
